000 00650nam a2200229Ia 4500
003 OSt
005 20220926004728.0
006 a|||||r|||| 00| 0
007 ta
008 220923b |||||||| |||| 00| 0 eng d
037 _cGeneral Book
040 _aRTL
_cRTL
_beng
041 _2eng
_aeng
082 _aX:77, L8
100 _aMahajan V S
_9124692
245 0 _aTowards a thedory of economic development
260 _a New Delhi
_bS. Chand and company
_c1978
300 _avi,149p. Bibliography: P 145-46
_ccm.
650 _aEconomics Development
942 _hX:77, L8
_cGB
_2CC
999 _c612066
_d612066